The castle of Otranto : (Record no. 48118)

000 -LEADER
fixed length control field 01297cam a2200361 a 4500
001 - CONTROL NUMBER
control field 15546219
003 - CONTROL NUMBER IDENTIFIER
control field Nust
005 - DATE AND TIME OF LATEST TRANSACTION
control field 20170109175114.0
008 - FIXED-LENGTH DATA ELEMENTS--GENERAL INFORMATION
fixed length control field 081205s2008 enk b 000 1 eng d
010 ## - LIBRARY OF CONGRESS CONTROL NUMBER
LC control number 2008482018
015 ## - NATIONAL BIBLIOGRAPHY NUMBER
National bibliography number GBA865700
Source bnb
016 7# - NATIONAL BIBLIOGRAPHIC AGENCY CONTROL NUMBER
Record control number 014614020
Source Uk
020 ## - INTERNATIONAL STANDARD BOOK NUMBER
International Standard Book Number 9780141191959 (pbk.)
035 ## - SYSTEM CONTROL NUMBER
System control number (OCoLC)ocn228195182
040 ## - CATALOGING SOURCE
Original cataloging agency UKM
Transcribing agency UKM
Modifying agency OCLCG
-- DLC
042 ## - AUTHENTICATION CODE
Authentication code lccopycat
043 ## - GEOGRAPHIC AREA CODE
Geographic area code e-it---
050 00 - LIBRARY OF CONGRESS CALL NUMBER
Classification number PR3757.W2
Item number C3 2008
082 00 - DEWEY DECIMAL CLASSIFICATION NUMBER
Classification number 823.6
Author Mark WAL
100 1# - MAIN ENTRY--PERSONAL NAME
Personal name Walpole, Horace,
Dates associated with a name 1717-1797.
245 14 - TITLE STATEMENT
Title The castle of Otranto :
Remainder of title a gothic story / Horace Walpole ; edited by W.S. Lewis with a new introduction and notes by E.J. Clery.
250 ## - EDITION STATEMENT
Edition statement New ed.
260 ## - PUBLICATION, DISTRIBUTION, ETC.
Place of publication, distribution, etc. Oxford ;
-- New York :
Name of publisher, distributor, etc. Oxford University Press,
Date of publication, distribution, etc. 2008.
300 ## - PHYSICAL DESCRIPTION
Extent xxxviii, 140 p. ;
Dimensions 20 cm.
440 #0 - SERIES STATEMENT/ADDED ENTRY--TITLE
Title Oxford world's classics
504 ## - BIBLIOGRAPHY, ETC. NOTE
Bibliography, etc. note Includes bibliographical references (p. [116]-125).
650 #0 - SUBJECT ADDED ENTRY--TOPICAL TERM
Topical term or geographic name entry element Inheritance and succession
Form subdivision Fiction.
651 #0 - SUBJECT ADDED ENTRY--GEOGRAPHIC NAME
Geographic name Italy
Form subdivision Fiction.
655 #7 - INDEX TERM--GENRE/FORM
Genre/form data or focus term Gothic fiction.
Source of term gsafd
655 #7 - INDEX TERM--GENRE/FORM
Genre/form data or focus term Horror fiction.
Source of term gsafd
700 1# - ADDED ENTRY--PERSONAL NAME
Personal name Lewis, W. S.
Fuller form of name (Wilmarth Sheldon),
Dates associated with a name 1895-1979.
906 ## - LOCAL DATA ELEMENT F, LDF (RLIN)
a 7
b cbc
c copycat
d 2
e ncip
f 20
g y-gencatlg
942 ## - ADDED ENTRY ELEMENTS (KOHA)
Source of classification or shelving scheme
Koha item type Book
Holdings
Withdrawn status Lost status Source of classification or shelving scheme Damaged status Not for loan Permanent Location Current Location Shelving location Date acquired Total Checkouts Total Renewals Full call number Barcode Checked out Date last seen Date last checked out Copy number Price effective from Koha item type
          Central Library (CL) Central Library (CL) Fiction 01/09/2017 6 4 823.6 WAL CL1484 02/14/2025 01/15/2025 01/15/2025 1 01/09/2017 Book
© 2023 Central Library, National University of Sciences and Technology. All Rights Reserved.